| LEADER |
01319nam0a2200253 450 |
| 001 |
16847162 |
| 010 |
|
|
|a 978-2-01-708695-6
|b cart.
|d 16,9
|
| 100 |
|
|
|a 20190708d2019 u u0frey01 ba
|
| 101 |
0 |
|
|a fre
|
| 102 |
|
|
|a FR
|
| 200 |
0 |
|
|a Belle et la Bête aux larmes de diamants (La)
|f Gaël Aymon
|g illustrations Anna Griot - d'après Alexandre Afanassiev, Giambattista Basile et Peter Christen Asbjornsen & Jorgen Moe
|
| 207 |
|
1 |
|a
|
| 210 |
|
|
|a Paris
|b 18 rue Jacob.
|c Gautier-Languereau
|d 2019
|
| 215 |
|
|
|a 26 p.
|c illustrations en couleur
|d 37 cm
|
| 330 |
|
|
|a Belle est capturée par une créature à sept têtes lorsque son père cueille un diamant sur un arbre d'or qui lui appartient. Quand la jeune femme découvre grâce à un miroir magique que la Bête est en réalité un prince maudit, celui-ci verse une larme de diamant et disparaît. Belle part alors à sa recherche. Electre 2020
|
| 700 |
|
0 |
|a Aymon
|b Gaël
|f 1973-....
|4 70
|
| 701 |
|
0 |
|a Griot
|b Anna
|f 1994-....
|4 440
|
| 701 |
|
0 |
|a Afanasiev
|b Aleksandr Nikolaevitch
|4 100
|
| 701 |
|
0 |
|a Basile
|b Giambattista
|4 100
|
| 701 |
|
0 |
|a Asbjornsen
|b Peter Christen
|4 100
|
| 701 |
|
0 |
|a Moe
|b Jorgen Engebretsen
|4 100
|
| 900 |
|
|
|a Conte
|
| 901 |
|
|
|a Accessible au prêt
|
| 995 |
|
|
|a Bibliothèque
|c Bibliothèque
|f 00156010446144
|h 00156010446144
|k C AYM
|o p
|q j
|r az
|e Bibliothèque
|